[Event "AUT-ch"]
[Site "?"]
[Date "1993.??.??"]
[Round "2"]
[White "Schlosser, Michael"]
[Black "Schumi, Manfred"]
[Result "1-0"]
[WhiteElo "2400"]
[BlackElo "2255"]

1.e4 c5 2.Nf3 d6 3.d4 cxd4 4.Nxd4 Nf6 5.Nc3 a6 6.Be3 Ng4 7.Bg5 h6 8.Bh4 g5
9.Bg3 Bg7 10.Qd2 Nc6 11.Nb3 Be6 12.f3 Nge5 13.Nd5 b5 14.Bf2 Rb8 15.Nd4 Qd7
16.h4 Nxd4 17.Bxd4 Bxd5 18.exd5 Qb7 19.hxg5 Qxd5 20.gxh6 Nxf3+ 21.gxf3 Bxd4
22.O-O-O e5 23.Kb1 Qxf3 24.c3 Bc5 25.b4 Ba7 26.Qxd6 Qf5+ 27.Ka1 Qe6 28.Qc7 Qe7
29.Qc6+ Kf8 30.Rd7 Qg5 31.Be2 Qe3 32.Rf1 Qxh6 33.Rdxf7+ Kg8 34.Qg2+  1-0

[Event "AUT-ch"]
[Site "?"]
[Date "1993.??.??"]
[Round "6"]
[White "Schlosser, Michael"]
[Black "Lendwai, Reinhard"]
[Result "0-1"]
[WhiteElo "2400"]
[BlackElo "2425"]

1.e4 c5 2.Nf3 d6 3.d4 cxd4 4.Nxd4 Nf6 5.Nc3 a6 6.Be3 Ng4 7.Bg5 h6 8.Bh4 g5
9.Bg3 Bg7 10.Qd2 Nc6 11.Nb3 b5 12.a4 b4 13.Nd1 Be6 14.f3 Nge5 15.Bf2 Bxb3
16.cxb3 Na5 17.Qxb4 Rb8 18.Qc3 O-O 19.Qc2 Nxb3 20.Ra3 Qa5+ 21.Nc3 Nc5 22.Bxc5 dxc5
23.Be2 c4 24.Kd2 Rfd8+ 25.Kc1 Nd3+ 26.Bxd3 cxd3 27.Qd2 Qb4 28.Re1 Bd4 29.e5 Rdc8
30.Re4 Qxa3  0-1

[Event "AUT-ch"]
[Site "?"]
[Date "1993.??.??"]
[Round "11"]
[White "Lendwai, Reinhard"]
[Black "Schumi, Manfred"]
[Result "0-1"]
[WhiteElo "2425"]
[BlackElo "2255"]

1.e4 c5 2.Nf3 d6 3.d4 cxd4 4.Nxd4 Nf6 5.Nc3 a6 6.Be3 Ng4 7.Bg5 h6 8.Bh4 g5
9.Bg3 Bg7 10.Qd2 Nc6 11.Nb3 Be6 12.f3 Nge5 13.Nd5 b5 14.Bf2 Rb8 15.Nd4 Qd7
16.O-O-O Bxd5 17.exd5 Nxd4 18.Qxd4 O-O 19.Qe4 f5 20.Qe1 Rfc8 21.h4 Qc7 22.Qd2 Nc4
23.Bxc4 bxc4 24.c3 Qa5 25.Qc2 Qxa2 26.Bd4 Rb5 27.Bxg7 Rcb8 28.Rd2 Kxg7 29.Qb1 Qa3
30.hxg5 Qxc3+ 31.Qc2 Qxc2+ 32.Rxc2 hxg5 33.Re2 R8b7 34.Rd1 c3 35.Rde1 cxb2+
36.Kb1 Rxd5 37.Rxe7+ Rxe7 38.Rxe7+ Kf6 39.Ra7 Rd2 40.g4 f4 41.Rxa6 Ke5 42.Ra8 Kd4
43.Rd8 Kc3 44.Rc8+ Kd3 45.Re8 Re2 46.Ra8 Ke3 47.Ra3+ Kf2 48.Rd3 Re3 49.Rd5 Kxf3
50.Rxg5 Kg2  0-1

[Event "AUT-chT2S 9293"]
[Site "AUT"]
[Date "1993.??.??"]
[Round "?"]
[White "Watzka, Horst"]
[Black "Vombek, Dani"]
[Result "1-0"]
[WhiteElo "2325"]
[BlackElo "2270"]

1.e4 c5 2.Nf3 d6 3.d4 cxd4 4.Nxd4 Nf6 5.Nc3 a6 6.Be3 e5 7.Nf3 Qc7 8.a4 Be7
9.Be2 O-O 10.O-O Nc6 11.Nd5 Nxd5 12.exd5 Na5 13.c4 b6 14.Nd2 f5 15.f4 Bf6
16.Rb1 exf4 17.Bxf4 Bd7 18.b4 Nb7 19.Qb3 Rae8 20.Bd1 Qd8 21.Qg3 Kh8 22.Nf3 Re4
23.Bb3 h6 24.h4 Rfe8 25.Bc2 Rxc4 26.Bd3 Rc3 27.Bxa6 Bc8 28.Bb5 Re4 29.Rfe1 Bd7
30.Bxd7 Qxd7 31.Qg6 Rcc4 32.Bxh6 Qxa4 33.Bg5 Qd7 34.Bxf6 gxf6 35.Nd2 Qe7
36.Nxe4 Rxe4 37.Rxe4 Qxe4 38.Qxf6+ Kh7 39.Rf1 Qe3+ 40.Kh1  1-0

[Event "Azov"]
[Site "Azov"]
[Date "1993.??.??"]
[Round "?"]
[White "Beshukov, Sergei"]
[Black "Petrushin, Alexander I"]
[Result "1-0"]
[WhiteElo "2445"]
[BlackElo "2410"]

1.e4 c5 2.Nf3 d6 3.d4 cxd4 4.Nxd4 Nf6 5.Nc3 a6 6.Be3 e6 7.Qd2 Be7 8.f3 Nc6
9.g4 Qc7 10.O-O-O O-O 11.g5 Nd7 12.h4 Nde5 13.Qg2 Na5 14.Kb1 Nec4 15.Bc1 b5
16.Nce2 Rb8 17.b3 Qb6 18.Nf4 Bd7 19.Nh5 Kh8 20.f4 Nc6 21.Nxc6 Bxc6 22.Bxc4 bxc4
23.Bb2 Rg8 24.Qf3 cxb3 25.axb3 Qc5 26.Rd4 Rb4 27.Rhd1 Rxd4 28.Rxd4 d5 29.Qg3 a5
30.exd5 Bxd5 31.f5 Bd6 32.Qd3 Be5 33.Rxd5  1-0

[Event "Bad Woerishofen op"]
[Site "Bad Woerishofen"]
[Date "1993.??.??"]
[Round "6"]
[White "Landenbergue, Claude"]
[Black "Magerramov, Elmar"]
[Result "0-1"]
[WhiteElo "2385"]
[BlackElo "2565"]

1.e4 c5 2.Nf3 d6 3.d4 cxd4 4.Nxd4 Nf6 5.Nc3 a6 6.Be3 e6 7.g4 Nc6 8.g5 Nd7
9.h4 Be7 10.Qh5 O-O 11.O-O-O Re8 12.f4 Bf8 13.Bd3 g6 14.Qf3 Nxd4 15.Bxd4 e5
16.Be3 exf4 17.Bxf4 Ne5 18.Qg3 Bg7 19.Be2 Be6 20.h5 Rc8 21.hxg6 hxg6 22.Rh4 Qa5
23.Rdh1 Rxc3 24.bxc3 Rc8 25.c4 Nxc4 26.Qh2 Qa3+ 27.Kd1 Qb2 28.Bd3 Kf8 29.Rh7 Bg4+
30.Ke1 Ne5 31.Bxe5 Bxe5 32.Qh6+ Ke8 33.Kf2 Rxc2+  0-1

[Event "Balatonbereny op"]
[Site "Balatonbereny"]
[Date "1993.??.??"]
[Round "6"]
[White "Torok, Jozsef"]
[Black "Bachler, Reinhardt"]
[Result "0-1"]
[WhiteElo "2290"]
[BlackElo "2210"]

1.e4 c5 2.Nf3 d6 3.d4 cxd4 4.Nxd4 Nf6 5.Nc3 a6 6.Be3 e5 7.Nb3 Be6 8.Qd2 Nbd7
9.f3 Be7 10.O-O-O Rc8 11.g4 Nb6 12.h4 Qc7 13.Kb1 Nc4 14.Bxc4 Qxc4 15.g5 Nh5
16.Rdg1 O-O 17.Nd5 Bxd5 18.exd5 Bd8 19.Rg4 Qb5 20.Rhg1 Bb6 21.Bxb6 Qxb6 22.Qb4 Qc7
23.R4g2 b5 24.Rd2 Qb6 25.Rc1 Rc4 26.Qa5 Qb7 27.Rh2 Rfc8 28.Qd2 Qa8 29.Rd1 g6
30.c3 a5 31.Na1 Qb7 32.Qe3 Qd7 33.Nc2 b4 34.cxb4 axb4 35.Qb3 Qf5 36.Qd3 Qf4
37.Re2 Ng3 38.Red2 e4 39.fxe4 Nxe4 40.Re2 Nf2 41.Rxf2 Qxf2 42.Ne3 Rxh4 43.Rf1 Qg3  0-1

[Event "Balatonbereny op"]
[Site "Balatonbereny"]
[Date "1993.??.??"]
[Round "9"]
[White "Sziebert, Adam"]
[Black "Anka, Emil"]
[Result "0-1"]
[WhiteElo "2285"]
[BlackElo "2395"]

1.e4 c5 2.Nf3 d6 3.d4 cxd4 4.Nxd4 Nf6 5.Nc3 a6 6.Be3 Ng4 7.Bg5 h6 8.Bh4 g5
9.Bg3 Bg7 10.Be2 h5 11.Nf5 Bxf5 12.exf5 Qa5 13.O-O Bxc3 14.bxc3 Nf6 15.Re1 Nc6
16.Bf3 d5 17.c4 O-O-O 18.cxd5 Nxd5 19.c4 Ndb4 20.Qb3 h4 21.a3 hxg3 22.axb4 gxf2+
23.Kxf2 Qxf5 24.b5 Rd3 25.Qxd3 Qxd3 26.bxc6 Qd4+ 27.Kf1 Qxc4+ 28.Be2 Qf4+
29.Bf3 g4 30.Re4 Qf6 31.cxb7+ Kb8  0-1

[Event "Balatonfuzfo"]
[Site "Balatonfuzfo"]
[Date "1993.??.??"]
[Round "5"]
[White "Feher, Gyula"]
[Black "Kofidis, Andreas"]
[Result "1/2-1/2"]
[WhiteElo "2385"]
[BlackElo "2360"]

1.e4 c5 2.Nf3 d6 3.d4 cxd4 4.Nxd4 Nf6 5.Nc3 a6 6.Be3 e6 7.Qd2 Nbd7 8.f3 Qc7
9.g4 h6 10.O-O-O b5 11.Bd3 Ne5 12.h4 Nfd7 13.Kb1 Nb6 14.g5 Nbc4 15.Qf2 Nxe3
16.Qxe3 Qc5 17.Qg1 hxg5 18.hxg5 Rxh1 19.Qxh1 Nxd3 20.Rxd3 Qxg5 21.a4 Bd7
22.axb5 axb5 23.Nb3 b4 24.Na2 Ba4 25.Nac1 Rd8 26.Rd4 Qb5 27.f4 g6 28.Qe1 d5
29.f5 gxf5 30.exf5 Qb6 31.fxe6 fxe6 32.Rg4 Bxb3 33.Nxb3 Be7 34.Nd4 Rd6 35.Qe5 Qa6
36.Rf4 Qc8 37.Qe2 Qa6 38.Qe5 Qc8 39.Qe2 Rb6 40.Qg4 Kd7 41.Rf7 Qh8 42.Qg1 Qh5
43.Rg7 Rb7 44.Qf1 Rb6 45.Qg1 Rb7 46.Qf1 Rb6 47.Qg1 Rb7  1/2-1/2

[Event "Balkaniad (Men)"]
[Site "?"]
[Date "1993.??.??"]
[Round "4"]
[White "Adhami, Vangiel"]
[Black "Georgiev, Krum"]
[Result "0-1"]
[WhiteElo "2325"]
[BlackElo "2475"]

1.e4 c5 2.Nf3 d6 3.d4 cxd4 4.Nxd4 Nf6 5.Nc3 a6 6.Be3 e6 7.Qd2 Nbd7 8.f3 b5
9.a3 Bb7 10.g4 Nb6 11.a4 Nc4 12.Bxc4 bxc4 13.a5 Be7 14.Nde2 O-O 15.Ng3 Nd7
16.O-O Qc7 17.Bd4 Ne5 18.Qe2 Rac8 19.f4 Nc6 20.Bb6 Qb8 21.g5 Rfe8 22.Qg4 Bf8
23.Nh5 Ba8 24.Rf3 Ne7 25.Rh3 Ng6 26.Rf1 Qb7 27.Ng3 d5 28.Qh5 h6 29.gxh6 dxe4
30.Ngxe4 Red8 31.Rg3 gxh6 32.f5 exf5 33.Rxf5 Bg7 34.Bxd8 Rxd8 35.Rgf3 Bxc3
36.Nxc3 Qa7+ 37.Kf1 Bxf3 38.Qxf3 Qd7 39.Nd5 Qe6 40.Nf6+ Kh8 41.Ne4 Rd4 42.Nf2 Nh4
43.Qa8+ Kg7 44.Rc5 Rd2 45.Ne4 Qh3+  0-1

[Event "Belgrade Trako"]
[Site "Belgrade"]
[Date "1993.??.??"]
[Round "6"]
[White "Damjanovic, Vladimir"]
[Black "Arsovic, Goran"]
[Result "1/2-1/2"]
[WhiteElo "2320"]
[BlackElo "2330"]

1.e4 c5 2.Nf3 d6 3.d4 cxd4 4.Nxd4 Nf6 5.Nc3 a6 6.Be3 e5 7.Nb3 Be7 8.f3 Be6
9.Qd2 O-O 10.O-O-O b5 11.Kb1 Nbd7 12.g4 Nb6 13.Na5 Qc7 14.g5 Nh5 15.Rg1 Rac8
16.h4 d5 17.Nxd5 Nxd5 18.exd5 Bxd5 19.Qf2 Bxa2+ 20.Kxa2 Qxa5+ 21.Kb1  1/2-1/2

[Event "Belgrade Beopromet"]
[Site "Belgrade"]
[Date "1993.??.??"]
[Round "10"]
[White "Damjanovic, Vladimir"]
[Black "Vaulin, Alexander"]
[Result "1-0"]
[WhiteElo "2320"]
[BlackElo "2515"]

1.e4 c5 2.Nf3 d6 3.d4 cxd4 4.Nxd4 Nf6 5.Nc3 a6 6.Be3 e5 7.Nb3 Be7 8.f3 O-O
9.Qd2 Be6 10.O-O-O Nbd7 11.g4 b5 12.g5 b4 13.Ne2 Ne8 14.h4 a5 15.Kb1 Nc7
16.f4 a4 17.Nbc1 b3 18.cxb3 axb3 19.f5 bxa2+ 20.Ka1 Bc4 21.Ng3 Bxf1 22.Rdxf1 d5
23.f6 Bc5 24.fxg7 Kxg7 25.Nf5+ Kh8 26.exd5 Bxe3 27.Nxe3 Nb5 28.Nf5 Qb6 29.h5 Rfc8
30.d6 Na3 31.Rh2 Nc2+ 32.Qxc2 Rxc2 33.Rxc2 e4 34.g6 fxg6 35.hxg6 Ne5 36.g7+ Kg8
37.Rc7 Qxb2+ 38.Kxb2 a1=Q+ 39.Kc2 Qa4+ 40.Nb3 Ng4 41.d7 Rd8 42.Ra1 Qb5 43.Ra8 Qd3+
44.Kb2 Qe2+ 45.Rc2 Qxc2+ 46.Kxc2 Ne3+ 47.Kc1 Rxa8 48.Ne7+ Kxg7 49.Nc8 Rxc8+
50.dxc8=Q  1-0

[Event "Berliner Sommer"]
[Site "Berlin"]
[Date "1993.??.??"]
[Round "?"]
[White "Zagrebelny, Sergey"]
[Black "Lingnau, Carsten"]
[Result "1-0"]
[WhiteElo "2535"]
[BlackElo "2395"]

1.e4 c5 2.Nf3 d6 3.d4 cxd4 4.Nxd4 Nf6 5.Nc3 a6 6.Be3 e6 7.f3 b5 8.Qd2 Nbd7
9.g4 Nb6 10.O-O-O Bb7 11.Bd3 Rc8 12.Kb1 Nfd7 13.Qf2 Rxc3 14.bxc3 Qc7 15.Ne2 Be7
16.h4 O-O 17.g5 d5 18.h5 dxe4 19.Bxe4 Bxe4 20.fxe4 Nc4 21.Bc1 b4 22.cxb4 Bxb4
23.Rh3 Rb8 24.Ka1 Nd2 25.Bb2 Qxc2 26.Rc1 Qxe4 27.Qd4 Qxd4 28.Nxd4 Bc5 29.Nc6 Rb6
30.Rd3 Rxc6 31.Rxd7  1-0

[Event "Biel op"]
[Site "Biel"]
[Date "1993.??.??"]
[Round "8"]
[White "Robovic, Saudin"]
[Black "Gallagher, Joseph G"]
[Result "1/2-1/2"]
[WhiteElo "2360"]
[BlackElo "2515"]

1.e4 c5 2.Nf3 d6 3.d4 cxd4 4.Nxd4 Nf6 5.Nc3 a6 6.Be3 e5 7.Nb3 Be6 8.Qd2 Nbd7
9.f3 Be7 10.g4 b5 11.g5 Nh5 12.Nd5 Bxd5 13.exd5 O-O 14.Bh3 Nb6 15.Na5 Qc7
16.O-O-O f5 17.g6 Nc4 18.Nxc4 Qxc4 19.gxh7+ Kh8 20.Kb1 Qh4 21.Bf1 Bf6 22.Bd3 g6
23.Rhg1 Kxh7 24.Qa5 Rf7 25.Qb6 e4  1/2-1/2

[Event "Biel op"]
[Site "Biel"]
[Date "1993.??.??"]
[Round "10"]
[White "Grosar, Aljosa"]
[Black "Sadler, Matthew"]
[Result "1/2-1/2"]
[WhiteElo "2470"]
[BlackElo "2535"]

1.e4 c5 2.Nf3 d6 3.d4 cxd4 4.Nxd4 Nf6 5.Nc3 a6 6.Be3 e5 7.Nb3 Be6 8.f4 exf4
9.Bxf4 Nc6 10.Qd2 d5 11.exd5 Nxd5 12.Nxd5 Qxd5 13.Qxd5 Bxd5 14.O-O-O O-O-O
15.g3 Be6 16.Rxd8+ Kxd8 17.Bg2 Be7 18.Rd1+ Kc8 19.Nd4 Nxd4 20.Rxd4 Rd8 21.Rxd8+ Bxd8
22.b3 g5  1/2-1/2

[Event "Biel op"]
[Site "Biel"]
[Date "1993.??.??"]
[Round "11"]
[White "Grosar, Aljosa"]
[Black "Istratescu, Andrei"]
[Result "0-1"]
[WhiteElo "2470"]
[BlackElo "2505"]

1.e4 c5 2.Nf3 d6 3.d4 cxd4 4.Nxd4 Nf6 5.Nc3 a6 6.Be3 e5 7.Nb3 Be6 8.f4 exf4
9.Bxf4 Nc6 10.Qd2 Be7 11.O-O-O Ne5 12.Nd4 O-O 13.Nf5 Bxf5 14.exf5 Qc8 15.Bd3 b5
16.Rhf1 Rb8 17.Kb1 b4 18.Bxe5 dxe5 19.Ne4 Rd8 20.Qe2 a5 21.g4 a4 22.g5 Nxe4
23.Qxe4 Bxg5 24.f6 Bxf6 25.Qxh7+ Kf8 26.Rde1 Rd4 27.Rxf6 gxf6 28.Bf5 Qc7
29.Bg6 Rbd8 30.Rc1 Rd1 31.Qh6+ Ke7 32.Bxf7 Rxc1+ 33.Kxc1 Qc5  0-1

[Event "Biel op"]
[Site "Biel"]
[Date "1993.??.??"]
[Round "11"]
[White "Vehi Bach, Victor Manuel"]
[Black "Gruenfeld, Yehuda"]
[Result "1-0"]
[WhiteElo "2380"]
[BlackElo "2535"]

1.e4 c5 2.Nf3 d6 3.d4 cxd4 4.Nxd4 Nf6 5.Nc3 a6 6.Be3 e5 7.Nb3 Be6 8.f4 exf4
9.Bxf4 Nc6 10.Qe2 Be7 11.h3 Ne5 12.O-O-O Qc7 13.g4 O-O 14.Kb1 Rfe8 15.Nd4 Bf8
16.g5 Nfd7 17.Qg2 Rac8 18.Bc1 Qb6 19.Qg3 Nc4 20.b3 Nde5 21.Bxc4 Rxc4 22.Nxe6 fxe6
23.Bb2 Rc7 24.h4 Qc6 25.h5 b5 26.Qg2 b4 27.Na4 Nc4 28.bxc4 Qxa4 29.h6 g6
30.e5 Qc6 31.Qd2 dxe5 32.Bxe5 Rf7 33.Rh4 Be7 34.Rf4 Rxf4 35.Qxf4 Rf8 36.Qg4 Rf5
37.Qd4 Bxg5 38.Bg7 Be7 39.Qa7 Rf7 40.Qb8+ Bf8 41.Bxf8 Rxf8 42.Qe5 Qb7 43.c5  1-0

[Event "Bled op"]
[Site "Bled"]
[Date "1993.??.??"]
[Round "?"]
[White "Mazi, Leon"]
[Black "Bukic, Enver"]
[Result "0-1"]
[WhiteElo "2295"]
[BlackElo "2435"]

1.e4 c5 2.Nf3 d6 3.d4 cxd4 4.Nxd4 Nf6 5.Nc3 a6 6.Be3 e6 7.f3 b5 8.Qd2 Nbd7
9.g4 Nb6 10.Qf2 Nfd7 11.O-O-O Bb7 12.Bd3 Rc8 13.h4 Rxc3 14.bxc3 Qc7 15.Nb3 Na4
16.Bd2 d5 17.exd5 Bxd5 18.Be4 Ba3+ 19.Kb1 Ndb6 20.g5 Bxe4 21.fxe4 O-O 22.h5 Nc4
23.Be1 Bb2 24.a3 Qe7 25.h6 Bxc3  0-1

[Event "Wch U16 Girls"]
[Site "Bratislava"]
[Date "1993.??.??"]
[Round "3"]
[White "Andreescu, Nicoleta Aurora"]
[Black "Peptan, Corina"]
[Result "0-1"]
[WhiteElo "2025"]
[BlackElo "2355"]

1.e4 c5 2.Nf3 d6 3.d4 cxd4 4.Nxd4 Nf6 5.Nc3 a6 6.Be3 e5 7.Nb3 Be6 8.Be2 Be7
9.f4 Qc7 10.f5 Bc4 11.Bxc4 Qxc4 12.Qd3 Qxd3 13.cxd3 Nbd7 14.Na5 O-O 15.O-O-O Rfc8
16.Kb1 b5 17.d4 b4 18.Nd5 Bd8 19.dxe5 dxe5 20.Nb7 Nxe4 21.Nxd8 Rxd8 22.Nxb4 Ndf6
23.Nc6 Re8 24.Rd3 g6 25.fxg6 hxg6 26.Rc1 Kg7 27.h3 Re6 28.Rc2 Ng3 29.Bg1 Nf5
30.g4 Ne7 31.Nd8 Rxd8 32.Rxd8 Nfd5 33.Rc5 Nf4 34.h4 f5 35.gxf5 gxf5 36.Bh2 Neg6
37.h5 Nxh5 38.Kc2 Kf6 39.Rdd5 f4 40.Kd2 Kf5 41.Rd3 Kg4 42.Ra3 Nh4 43.Rxe5 Rxe5
44.Bxf4 Nxf4 45.Rxa6 Nf3+ 46.Kc3 Kf5 47.Ra8 Rc5+ 48.Kb4 Nd3+ 49.Ka3 Ke4 50.Ra7 Nfe5
51.b3 Kd4 52.b4 Rb5 53.Kb3 Rxb4+ 54.Kc2 Rb2+ 55.Kd1 Ke3  0-1

[Event "Bratislava op"]
[Site "Bratislava"]
[Date "1993.??.??"]
[Round "5"]
[White "Sziebert, Adam"]
[Black "Vasilchenko, Oleg"]
[Result "1/2-1/2"]
[WhiteElo "2285"]
[BlackElo "2425"]

1.e4 c5 2.Nf3 d6 3.d4 cxd4 4.Nxd4 Nf6 5.Nc3 a6 6.Be3 e5 7.Nb3 Be6 8.f4 exf4
9.Bxf4 Be7 10.Qd2 Nc6 11.O-O-O Ne5 12.Kb1 O-O 13.Nd4 Rc8 14.Nf5 Bxf5 15.exf5 Qc7
16.Be2 b5 17.a3 Rfd8 18.g4 d5 19.Qd4 Bd6 20.g5 Ne4 21.Nxe4 Qxc2+ 22.Ka1 Nc6
23.Nf6+ gxf6 24.Qg1 Kh8 25.Bxd6 Rxd6 26.Bd3 Qb3 27.gxf6 Rg8 28.Qc5 Rg2 29.Rb1 Rd8
30.Qxc6 Qxd3 31.Qc7 Rgg8 32.Qxf7 Rdf8 33.Qe7 Qxf5 34.Rbf1 Qe4 35.Re1 Qxe7
36.fxe7 Re8 37.Rhf1 Rg7 38.Rf8+ Rg8 39.Rf6 Rg6 40.Rf8+ Rg8 41.Rxe8 Rxe8 42.b4 Kg7
43.Re6 d4 44.Kb2 Kf7 45.Rxa6 Rxe7 46.Kc2 Re3 47.h4 Rh3 48.Ra5 Rh2+ 49.Kd3 Rxh4
50.Rxb5 Rh3+ 51.Kxd4 Rxa3 52.Re5 Kf6 53.Re1 h5 54.Rh1 Kg5 55.Rb1 Kf4 56.b5 h4
57.b6 Ra8  1/2-1/2

[Event "Wch U18 Girls"]
[Site "Bratislava"]
[Date "1993.??.??"]
[Round "6"]
[White "Segal, Anna"]
[Black "Sasu Ducsoara, Andrea"]
[Result "1/2-1/2"]
[WhiteElo "2180"]
[BlackElo "2080"]

1.e4 c5 2.Nf3 d6 3.d4 Nf6 4.Nc3 cxd4 5.Nxd4 a6 6.Be3 Ng4 7.Bg5 h6 8.Bh4 g5
9.Bg3 Bg7 10.Be2 h5 11.Bxg4 Bxg4 12.f3 Bd7 13.Qd2 Nc6 14.Bf2 Ne5 15.O-O Bh6
16.Nf5 Bxf5 17.exf5 g4 18.f4 O-O 19.Ne4 Rc8 20.Ng5 Nc4 21.Qd5 Qa5 22.Qd3 Qd2
23.b3 Qxf4 24.bxc4 Qxg5 25.Rab1 Rc7 26.f6 Qg6 27.Qd5 exf6 28.Rxb7 Rxb7 29.Qxb7 Qxc2
30.Qxa6 Qd3 31.Qb5 Bg5 32.Qb3 Qxb3 33.axb3 Rb8 34.Rb1 Bd2 35.Bd4 f5 36.Kf2 Kf8
37.Rb2 Bb4 38.Kg3 Ba3 39.Rb1 Ke7 40.Kh4 f6 41.Kxh5 Kf7 42.Kh4 d5 43.c5 Rb5
44.Kg3 Bxc5 45.Bxc5 Rxc5 46.Kf4 d4 47.Rd1 Rd5 48.h3  1/2-1/2

[Event "Wch U18"]
[Site "Bratislava"]
[Date "1993.??.??"]
[Round "9"]
[White "Spangenberg, Hugo"]
[Black "Petrov, Marijan"]
[Result "1-0"]
[WhiteElo "2505"]
[BlackElo "2330"]

1.e4 c5 2.Nf3 d6 3.d4 cxd4 4.Nxd4 Nf6 5.Nc3 a6 6.Be3 Ng4 7.Bg5 h6 8.Bh4 g5
9.Bg3 Bg7 10.Qd2 Nc6 11.Nb3 Be6 12.O-O-O h5 13.f3 h4 14.Be1 Nge5 15.Kb1 a5
16.Qxg5 Bf6 17.Qc1 a4 18.Nc5 Qb6 19.N5xa4 Qa7 20.b3 Nd7 21.Nd5 Nc5 22.Nxf6+ exf6
23.Bb5 Nxa4 24.bxa4 Rh5 25.Qb2 O-O-O 26.Rd2 Kc7 27.Bf2 Qa5 28.Rhd1 f5 29.exf5 Bxf5
30.g4 hxg3 31.Bxg3 Rh6 32.Rd5 Ne7 33.Rc5+ Kb8 34.Bc6 Nxc6 35.Rxa5 Nxa5 36.Qb5 Rh5
37.Qb6 Nc6 38.Rxd6 Rxd6 39.Bxd6+ Ka8 40.Qg1 Bg6 41.Qe3 Rd5 42.Bg3 Rd8 43.Kb2 Rd4
44.h4 Rd5 45.Bc7 Rh5 46.Qe8+ Ka7 47.Bg3 Kb6 48.Qc8 Ka6 49.Bf2 Na7 50.Qc7  1-0

[Event "Bucharest"]
[Site "Bucharest"]
[Date "1993.??.??"]
[Round "?"]
[White "Nevednichy, Vladislav"]
[Black "Timoshenko, Georgy"]
[Result "1-0"]
[WhiteElo "2495"]
[BlackElo "2515"]

1.e4 c5 2.Nf3 d6 3.d4 cxd4 4.Nxd4 Nf6 5.Nc3 a6 6.Be3 e6 7.Be2 Qc7 8.g4 h6
9.Qd2 b5 10.a3 Bb7 11.f3 Nbd7 12.O-O-O d5 13.exd5 Nxd5 14.Nxd5 Bxd5 15.Rhe1 Bc5
16.Bxb5 axb5 17.Nxb5 Qc6 18.Bxc5 Kd8 19.Be7+ Kxe7 20.Qxd5 Rhc8 21.Qxc6 Rxc6
22.Nd4 Rc7 23.Re3 g6 24.Ne2 Nf6 25.Nf4 Rac8 26.c3 Rc5 27.Nd3 Ra5 28.Nb4 Nd7
29.Kc2 h5 30.h3 h4 31.f4 Ra7 32.f5 gxf5 33.gxf5 Nc5 34.Rd4  1-0

[Event "Bucharest Caissa"]
[Site "Bucharest"]
[Date "1993.??.??"]
[Round "2"]
[White "Szalanczy, Emil"]
[Black "Zagrebelny, Sergey"]
[Result "0-1"]
[WhiteElo "2365"]
[BlackElo "2490"]

1.e4 c5 2.Nf3 d6 3.d4 cxd4 4.Nxd4 Nf6 5.Nc3 a6 6.Be3 e5 7.Nb3 Be6 8.Qd2 Be7
9.f3 O-O 10.O-O-O b5 11.Kb1 Nbd7 12.Qf2 Qc7 13.g4 b4 14.Nd5 Bxd5 15.exd5 Rfb8
16.g5 Nh5 17.Rg1 a5 18.Rg4 a4 19.Rc4 Qd8 20.Nd2 a3 21.b3 Bxg5 22.Bxg5 Qxg5
23.Ne4 Qe7 24.Rc6 Rd8 25.Rxd6 Ndf6 26.Rxd8+ Rxd8 27.c4 bxc3 28.Bc4 Nxe4 29.fxe4 Nf6
30.Qe3 Qb4 31.Kc2 Rc8 32.Qd3 h6 33.Rf1 Kf8 34.h3 Qb6 35.Kxc3 Ne8 36.Kd2 Nd6
37.Ke2 Nxc4 38.bxc4 Qb2+ 39.Kf3 Qxa2 40.Rc1 Ra8 41.Kg3 Qb2 42.Rb1 Qd4 43.Qxd4 exd4
44.Kf4 a2 45.Ra1 g5+ 46.Ke5 d3 47.c5 Ke7 48.d6+ Kd7 49.Kf6 d2 50.Kxf7 d1=Q
51.Rxd1 a1=Q 52.Rxa1 Rxa1 53.e5 Rf1+ 54.Kg6 Re1 55.Kf6 h5  0-1

[Event "Bucharest2"]
[Site "Bucharest"]
[Date "1993.??.??"]
[Round "2"]
[White "Nevednichy, Vladislav"]
[Black "Stefanov, Parik"]
[Result "1-0"]
[WhiteElo "2495"]
[BlackElo "2355"]

1.e4 c5 2.Nf3 d6 3.d4 Nf6 4.Nc3 cxd4 5.Nxd4 a6 6.Be3 e5 7.Nb3 Be7 8.f3 Be6
9.Qd2 Nbd7 10.g4 b5 11.g5 Nh5 12.O-O-O Rc8 13.Rg1 O-O 14.Qf2 Qc7 15.Nd5 Bxd5
16.exd5 f5 17.gxf6 Ndxf6 18.Bh3 Nd7 19.Qg2 g6 20.Be6+ Kg7 21.Qd2 Nf4 22.Rg4 h5
23.Rgg1 Rf6 24.Bxf4 Rxf4 25.Qg2 g5 26.Rd3 Rc4 27.c3 Kh6 28.Qh3 Rh4 29.Qf5 Rf8
30.Bf7 Rxf7 31.Qxf7 Nf8 32.Qf5 Qa7 33.Rg2 Ng6 34.Rd1 Qe3+ 35.Kb1 Rf4 36.Qd3 Rxf3
37.Qxe3 Rxe3 38.Na5 Nf4 39.Rf2 g4 40.Nc6 Bh4 41.Rfd2 Bg5 42.Nb4 a5 43.Nc6 a4
44.Na7 a3 45.Nxb5 axb2 46.Kxb2 e4 47.Nxd6 Nd3+ 48.Kb3 Rf3 49.Nxe4 Bxd2 50.Rxd2 Ne5
51.d6 Nd7 52.Kc4 Kg6 53.Nc5 Ne5+ 54.Kb5 Rxc3 55.d7 Nxd7 56.Nxd7 h4 57.a4 h3
58.a5 g3 59.hxg3 Rxg3 60.a6 Rg2 61.Ne5+ Kf5 62.Rxg2 hxg2 63.Nf3 Kf4 64.Ng1 Kg3
65.a7 Kf2 66.a8=Q Kxg1 67.Kc4 Kf2 68.Qf8+ Ke2 69.Qe7+ Kf2 70.Qh4+ Kf1 71.Qf4+ Ke2
72.Qg3 Kf1 73.Qf3+ Kg1 74.Kd3 Kh2 75.Qf2 Kh1 76.Qh4+ Kg1 77.Kd2  1-0

[Event "Bucharest Caissa"]
[Site "Bucharest"]
[Date "1993.??.??"]
[Round "4"]
[White "Szalanczy, Emil"]
[Black "Farkas, Tibor"]
[Result "1-0"]
[WhiteElo "2365"]
[BlackElo "2370"]

1.e4 c5 2.Nf3 d6 3.d4 cxd4 4.Nxd4 Nf6 5.Nc3 a6 6.Be3 e5 7.Nb3 Be6 8.Qd2 Nbd7
9.O-O-O b5 10.f3 Nb6 11.Qf2 Nfd7 12.Kb1 Qc7 13.g4 Be7 14.h4 O-O 15.g5 Rab8
16.h5 f5 17.gxf6 Nxf6 18.Bh3 Bxh3 19.Bxb6 Rxb6 20.Rxh3 Rc6 21.Qd2 Rf7 22.a3 Bf8
23.Rh2 Kh8 24.Qd3 Rc4 25.Na2 d5 26.Nc3 dxe4 27.Nxe4 Rd7 28.Qe2 Rxd1+ 29.Qxd1 Nxe4
30.fxe4 Rxe4 31.Qd5 Rf4 32.Re2 Qf7 33.Rxe5 Qxd5 34.Rxd5 Kg8 35.Nd4 Rf1+ 36.Ka2 Rd1
37.c3 g6 38.Kb3 Rd2 39.hxg6 hxg6 40.Rd8 Kf7 41.Rd7+ Kg8 42.Ra7 Bc5 43.Rxa6 Bxd4
44.cxd4 Rd3+ 45.Kb4 Rxd4+ 46.Kxb5 Kf7 47.b4 g5 48.Rc6 g4 49.Rc3 Kf6 50.a4 Kf5
51.a5  1-0

[Event "Bucharest2"]
[Site "Bucharest"]
[Date "1993.??.??"]
[Round "7"]
[White "Nevednichy, Vladislav"]
[Black "Bets, Anatolij"]
[Result "1-0"]
[WhiteElo "2495"]
[BlackElo "2260"]

1.e4 c5 2.Nf3 d6 3.d4 cxd4 4.Nxd4 Nf6 5.Nc3 a6 6.Be3 e6 7.Be2 Be7 8.f4 O-O
9.g4 Nc6 10.g5 Nd7 11.h4 Re8 12.Qd2 Nxd4 13.Bxd4 b5 14.a3 Bb7 15.O-O-O Qa5
16.h5 b4 17.axb4 Qxb4 18.g6 Rab8 19.gxf7+ Kxf7 20.Rhg1 e5 21.fxe5 dxe5 22.Ba7 Bxe4
23.Bxb8 Rxb8 24.Bc4+ Qxc4 25.Nxe4 Qxe4 26.Qxd7 Qe3+ 27.Kb1 Rb6 28.Rdf1+ Kg8
29.Rxg7+ Kxg7 30.Rf8  1-0

[Event "Bucharest2"]
[Site "Bucharest"]
[Date "1993.??.??"]
[Round "11"]
[White "Nevednichy, Vladislav"]
[Black "Badea, Bela"]
[Result "1/2-1/2"]
[WhiteElo "2495"]
[BlackElo "2385"]

1.e4 c5 2.Nf3 d6 3.d4 cxd4 4.Nxd4 Nf6 5.Nc3 a6 6.Be3 e6 7.Be2 Qc7 8.g4 b5
9.g5 Nfd7 10.a3 Nb6 11.Qd2 Bb7 12.O-O-O N8d7 13.Kb1 Nc4 14.Bxc4 bxc4 15.h4 Rb8
16.h5 Ba8 17.Ka2 Qa5 18.Rb1 d5 19.exd5 Bxd5 20.Nxd5 Qxd5 21.Ne2 Qxd2 22.Bxd2 Bc5
23.Rh4 Nb6 24.f3 O-O 25.Rg4 Rfd8 26.Bc3 Be3 27.Re4 Nd5 28.g6 Rbc8 29.Ba5 Rd6
30.Nc3 Bd2  1/2-1/2

[Event "Budapest FS02 IM"]
[Site "Budapest"]
[Date "1993.??.??"]
[Round "?"]
[White "Farkas, Tibor"]
[Black "Bordas, Gyula"]
[Result "1/2-1/2"]
[WhiteElo "2370"]
[BlackElo "2220"]

1.e4 c5 2.Nf3 d6 3.d4 cxd4 4.Nxd4 Nf6 5.Nc3 a6 6.Be3 e6 7.Qd2 b5 8.f3 Nbd7
9.O-O-O Bb7 10.g4 h6 11.h4 b4 12.Nce2 d5  1/2-1/2

[Event "Spring op"]
[Site "Budapest"]
[Date "1993.??.??"]
[Round "1"]
[White "Horvath, Adam"]
[Black "Fokin, Sergey"]
[Result "1/2-1/2"]
[WhiteElo "2110"]
[BlackElo "2420"]

1.e4 c5 2.Nf3 d6 3.d4 cxd4 4.Nxd4 Nf6 5.Nc3 a6 6.Be3 e6 7.f3 b5 8.Qd2 Be7
9.g4 Bb7 10.O-O-O Nc6 11.h4 Rc8 12.Bd3 Nd7 13.Kb1 Nde5 14.Qf2 Qc7 15.g5 Nxd3
16.cxd3 Ne5 17.Rhg1 b4 18.Nce2 a5 19.f4 Nxd3 20.Rxd3 Bxe4 21.Nc1 Qd7 22.Qe2 e5
23.fxe5 dxe5 24.Nc2 Bxd3 25.Nxd3 Qe6 26.Bf2 b3 27.axb3 Qxb3 28.Nxe5 O-O 29.Nd4 Qd5
30.Nf5 Bd6 31.Bd4 Rce8 32.Nh6+ Kh8 33.Nexf7+ Rxf7 34.Qxe8+ Rf8 35.Rd1 Rxe8
36.Bxg7+ Kxg7 37.Rxd5 Bb4 38.Nf5+ Kf7 39.Nd6+ Bxd6 40.Rxd6 Re4 41.Ra6 Rxh4
42.Rxa5 Ke6 43.Ka2 Kd6 44.Ka3 Kc6 45.b4 Kb6 46.Rf5 Rh1 47.Kb3 h6 48.g6 Rg1
49.Rf6+ Kb5 50.Rf5+ Kb6 51.Rf6+ Kb5 52.Kc3 h5  1/2-1/2

[Event "Budapest FS03 GM"]
[Site "Budapest"]
[Date "1993.??.??"]
[Round "1"]
[White "Szalanczy, Emil"]
[Black "Loginov, Valery A"]
[Result "0-1"]
[WhiteElo "2365"]
[BlackElo "2505"]

1.e4 c5 2.Nf3 d6 3.d4 cxd4 4.Nxd4 Nf6 5.Nc3 a6 6.Be3 e5 7.Nf3 Qc7 8.Qe2 b5
9.O-O-O Be7 10.Kb1 O-O 11.Ng5 Nc6 12.h4 Na5 13.Bc1 Nc4 14.Nd5 Nxd5 15.exd5 h6
16.Qh5 Bf5 17.Bd3 Qd7 18.f3 e4 19.Nxe4 Bg6 20.Qg4 Qxg4 21.fxg4 Ne5 22.g5 Nxd3
23.cxd3 f5 24.gxf6 Bxf6 25.h5 Bh7 26.Bf4 Bd4 27.Bxd6 Rf5 28.Bc5 Bxc5 29.Nxc5 Rxd5
30.b4 a5 31.Kb2 axb4 32.d4 Rad8 33.Rhf1 Bf5 34.Rf4 Bc8 35.Re1 Rxh5 36.Kb3 Rhd5
37.Re5 g5 38.Rfe4 Bf5 39.Rxd5 Rxd5 40.Re5 Rxe5 41.dxe5 h5 42.e6 h4 43.Kxb4 g4
44.Nd7 Bxe6 45.Ne5 Kg7 46.Kxb5 Kf6 47.Nd3 Bd5 48.Nf4 Bxg2 49.Nxg2 h3 50.Ne3 g3  0-1